Central Library OPAC University of Rajshahi

Norwegian democracy / (Record no. 36289)

MARC details
000 -LEADER
fixed length control field 00752cam a22002651 4500
001 - CONTROL NUMBER
control field 36289
003 - CONTROL NUMBER IDENTIFIER
rucl marc code BD-RjUL
005 - DATE AND TIME OF LATEST TRANSACTION
control field 20211209052451.0
008 - FIXED-LENGTH DATA ELEMENTS--GENERAL INFORMATION
fixed length control field 140619s1963 maub b 001 0 eng
035 ## - SYSTEM CONTROL NUMBER
System control number (BD-RjUL)36386
System control number (BD-RjUL)36386
040 ## - CATALOGING SOURCE
Original cataloging agency DLC
Transcribing agency ODaWU
Modifying agency OCoLC
-- DLC
Language of cataloging eng
041 ## - LANGUAGE CODE
Language code of text/sound track or separate title eng
082 ## - DEWEY DECIMAL CLASSIFICATION NUMBER
Classification number 354.481
Author mark and year STN 1963
100 1# - MAIN ENTRY--PERSONAL NAME
Personal name Storing, James A.
9 (RLIN) 110451
245 10 - TITLE STATEMENT
Title Norwegian democracy /
260 ## - PUBLICATION, DISTRIBUTION, ETC. (IMPRINT)
Place of publication, distribution, etc. Boston :
Name of publisher, distributor, etc. Houghton Mifflin ;
Date of publication, distribution, etc. 1963
300 ## - PHYSICAL DESCRIPTION
Pagination ix, 246 p. :
Illustrations map. ;
Size 21 cm.
504 ## - BIBLIOGRAPHY, ETC. NOTE
Bibliography, etc Bibliography: p. 222-224.
650 #0 - SUBJECT ADDED ENTRY--TOPICAL TERM
Topical term or geographic name as entry element Constitutional history
Geographic subdivision Norway.
9 (RLIN) 110452
651 #0 - SUBJECT ADDED ENTRY--GEOGRAPHIC NAME
Geographic name Norway
General subdivision Politics and government.
9 (RLIN) 74141
942 ## - ADDED ENTRY ELEMENTS (KOHA)
Source of classification or shelving scheme Dewey Decimal Classification
Koha item type Books
Holdings
Lost status Source of classification or shelving scheme Damaged status Not for loan Collection code Permanent Location Current Location Shelving location Date acquired Source of acquisition Total Checkouts Full call number Date last seen Copy number Koha item type
  Dewey Decimal Classification   Not For Loan Non-fiction Central Library, University of Rajshahi Central Library, University of Rajshahi Reading Room 20/02/1965 SWEET & ZETTINGERS   354.481 STN 1963 19/06/2014 C-1 Books